书目信息 |
| 题名: |
剑桥雅思7的经验与误区
|
|
| 作者: | 徐佩 编著 | |
| 分册: | ||
| 出版信息: | 北京 中国水利水电出版社 2010 |
|
| 页数: | 212页 | |
| 开本: | 25cm | |
| 丛书名: | ||
| 单 册: | ||
| 中图分类: | H310.41 | |
| 科图分类: | ||
| 主题词: | 英语--高等教育--自学参考资料 , 英语 | |
| 电子资源: | ||
| ISBN: | 978-7-5084-6992-8 | |
| 000 | 00944nam0 2200265 45 | |
| 001 | 1138516563 | |
| 005 | 20110419110344.14 | |
| 010 | @a978-7-5084-6992-8@dCNY35.00 | |
| 100 | @a20110409d2010 em y0chiy0120 ea | |
| 101 | 0 | @achi@aeng |
| 102 | @aCN@b110000 | |
| 105 | @ay z 000yy | |
| 106 | @ar | |
| 200 | 1 | @a剑桥雅思7的经验与误区@AJian Qiao Ya Si 7 De Jing Yan Yu Wu Qu@f徐佩[等]编著@FXu Pei [ Deng ] Bian Zhu |
| 210 | @a北京@c中国水利水电出版社@d2010 | |
| 215 | @a212页@d25cm | |
| 300 | @a全国雅思培训使用环球雅思学校雅思IELTS考试指定辅导教材 | |
| 304 | @a编著者还有:李宁、季春桦、王勇、徐丹 | |
| 330 | @a本书按照“剑7”的编排顺序进行讲解,考生可以在用“剑7”进行自测之后,对照解析发现自身存在的问题、提高解题能力,从而提高分数。 | |
| 606 | 0 | @a英语@x高等教育@j自学参考资料 |
| 606 | 0 | @a英语 |
| 690 | @aH310.41@v4 | |
| 701 | 0 | @a徐佩@AXu Pei@4编著 |
| 801 | 0 | @aCN@bTANGWEI@c20110419 |
| 905 | @b0536473-76@dH310.41@e1563@f4 | |
| 剑桥雅思7的经验与误区/徐佩[等]编著.-北京:中国水利水电出版社,2010 |
| 212页;25cm |
| 全国雅思培训使用环球雅思学校雅思IELTS考试指定辅导教材 |
| ISBN 978-7-5084-6992-8:CNY35.00 |
| 本书按照“剑7”的编排顺序进行讲解,考生可以在用“剑7”进行自测之后,对照解析发现自身存在的问题、提高解题能力,从而提高分数。 |
| ● |
| 相关链接 |
|
|
|
|
正题名:剑桥雅思7的经验与误区
索取号:H310.41/1563
 
预约/预借
| 序号 | 登录号 | 条形码 | 馆藏地/架位号 | 状态 | 备注 |
| 1 | 0536473 | 205364737 | 第二样本阅览室/ [索取号:H310.41/1563] | 在馆 | |
| 2 | 0536474 | 205364746 | 第四借阅区/ [索取号:H310.41/1563] | 在馆 | |
| 3 | 0536475 | 205364755 | 第四借阅区/ [索取号:H310.41/1563] | 在馆 | |
| 4 | 0536476 | 205364764 | 第四借阅区/ [索取号:H310.41/1563] | 在馆 |